000 00804nam a2200277 a 4500
001
003 DO-SdBNP
005 20220112073537.0
007 000044211
008 140609s2016 dr a 000 0 spa d
020 _a9789945886351
040 _aBPMSU
_bspa
_cBPMSU
082 _a938
_bB171g, 2016
_222
100 1 _aBalaguer, Joaquín,
_d1906-2002
_92
245 1 0 _aGrecia eterna /
_cBalaguer Joaquín.
250 _a3a ed.
260 _aSanto Domingo :
_bRobiou,
_c2016
300 _a294 p. :
_bil. ;
_c23 cm.
500 _aIncluye referencias bibliográficas y notas al pie de las páginas
504 _aBibliografías : p. 293-294
590 _6Inventariado, 2021/VM
650 4 _aCivilización griega
_xHistoria.
651 4 _aGrecia
_xHistoria
910 _aVMateo V.
942 _2ddc
_cBK
999 _c7929
_d7929